00336nam a2200109Ia 450000500170000000800410001710000200005824500970007826000160017530000110019165000240020220260328104326.0260328s9999||||xx |||||||||||||| ||und|| aWendel, Stephen 0aDesigning for behavior Change applying psychology and behavioral economics /cStephen Wendel bBlackstone  a355 p. aDISEÑO INDUSTRIAL